| 000 | 00785nam a2200217 a 4500 | ||
|---|---|---|---|
| 001 | 089657 | ||
| 003 | BD-ChCU | ||
| 008 | Ben | ||
| 020 | _a | ||
| 040 |
_aDLC _cDLC _dBD-ChCU |
||
| 082 | 0 | 0 | _a১৮১.৪/বি-গু-ভা |
| 100 | 1 |
_aগুহ, বিভূরঞ্জন _b- |
|
| 245 | 1 | 0 |
_aভারতীয় দর্শনের রুপরেখা (ত্রিবার্ষিক স্নাতক শ্রেণীর পরীক্ষাথর্ীদের জন্য) _b- |
| 250 | _a*** | ||
| 260 |
_aকলিকাতা _bনলেজ হোম _c১৯৯১ |
||
| 300 | _a** | ||
| 504 | _a- Biblio- | ||
| 650 | 0 |
_aদর্শন-ভারতবর্ষ _bদর্শন-ভারতবর্ষ |
|
| 700 | 1 | _a- | |
| 942 |
_2ddc _cBK |
||
| 999 |
_c89657 _d89657 |
||